List II. zjazdu Socialistickej akadémie ČSSR Ústrednému výboru KSČ

Bibliographic Details
Format: Article
Language:Slovak
Subjects:

MARC

LEADER 00000nab a2200000 a 4500
001 vtls000318793
003 SK-MaSNL
005 20260302225503.0
008 111201c1978 xo 0 slo
015 |a SNBRB19rr/mm-uuuuu 
035 |a CL0008885 
040 |a SNKBUCL  |b slo  |c SNKBUCL  |e AACR2 
041 0 |a slo 
044 |a xo  |c SK 
080 |a 374  |2 1981 
245 0 0 |a List II. zjazdu Socialistickej akadémie ČSSR Ústrednému výboru KSČ 
650 0 7 |a Socialistická akadémia  |2 snkbucl  |9 924710 
651 7 |a 3100  |2 snkbucl  |9 920766 
655 7 |a články z novín a časopisov  |2 snkbucl  |9 267496 
773 0 |t Pravda  |g Roč. 59, č. 124 (29. 5. 1978), s. 1 
850 |a Slovenská národná knižnica v Martine  |a MTA001 
852 |a SNK  |b KIS3GCP 
958 |a RK 
992 |a RBX 
999 |c 1529310  |d 1531240